000 00741nam a22002057a 4500
003 BUBTL
008 210927b ||||| |||| 00| 0 eng d
020 _a9789848143421
082 _a954.925 / Ab33b /2021
_22021
100 _94225
_aআবেদীন, মো: জয়নাল
245 _aবঙ্গবন্ধু : নেতা ও শাসক /
_c মো :জয়নাল আবেদীন
250 _a1st edn.
260 _aঢাকা :
_bপালক পাবলিশার্স,
_cc2021.
300 _a224 p. :
_c24 cm.
505 _aNeta, Neta Amar, Shasok, Bangobandhu
650 0 _93574
_aবঙ্গবন্ধু
856 _k0
_l0
_yDownload
942 _2ddc
_cBK
999 _c6540
_d6540